fictional swords - Statistics

General Stats
  • This quiz has been taken 5 times
  • The average score is 8 of 20
Answer Stats
Picture Answer % Correct
Aragorn and Elendil
100%
Bilbo and Frodo
80%
Jon Snow
80%
Gandalf
60%
Arya Stark
40%
Brienne of Tarth
40%
Fili
40%
Khal Drogo
40%
Kili
40%
Petyr „Littlefinger“ Baelish
40%
Thorin
40%
Witchking of Angmar
40%
Geralt of Riva
20%
Peter Pevensie
20%
Tauriel
20%
Theoden
20%
Thranduil
20%
Wonder Woman
20%
King Llane Wrynn
0%
Lothar
0%
No matching quizzes found
Score Distribution
Percent of People with Each Score
Percentile by Number Answered
Your Score History
You have not taken this quiz